000 00231 a2200097 4500
001 33391
100 _aEichenhberger,J.A
245 _aHandling In-Flight Emergencies
260 _aNY
_bMcGraw-Hill Inc
_c2001
090 _c22259
_d22259
942 _aNUST-CAE
_cM
_c13624
999 _c268464
_d268464